000
00253nam a2200097Ia 4500
001
722308
005
20250826163309.0
008
250824s9999 xx 000 0 und d
245
0
_a
BİR BESLEMENİN GÜNLÜĞÜ
_c
KATHLEEN GRISSOM
260
_b
MARTI YAYINLARI
999
_c
722308
_d
722308